000 00900nam a22002417a 4500
001 47671
003 BD-RjUL
005 20211209054351.0
008 160810s1985 bg ||||| |||| 00| 0 ben d
020 _c: TK 25.00
035 _a(BD-RjUL)47790
040 _aBD-RjUL
_bben
_cBD-RjUL
041 _aben
082 _223
_a636.082
_bHOB 1985
100 _aহোসেন, সৈয়দ সাখাওয়াত
_9144848
245 1 _aব্যবহারিক কৃত্রিম প্রজনন /
_c সৈয়দ সাখাওয়াত হোসেন
260 _aঢাকা :
_bবাংলা একাডেমী,
_c১৯৮৫
300 _a৬১ পৃ. :
_bচিত্র ;
_c২১ সেমি.
650 _aপ্রজনন
_9144849
650 _aBreeding
_9117736
700 _aমোস্তফা, গোলাম
_9124144
942 _2ddc
_cBK
999 _c47671
_d47671